000 00683nam a2200241Ia 4500
003 OSt
005 20220928115710.0
006 a|||||r|||| 00| 0
007 ta
008 220927b |||||||| |||| 00| 0 eng d
024 _a29813
037 _cTextual
040 _aSDCL
_cSDCL
_beng
041 _2eng
_aeng
082 _aX9.3'K, N6
100 _aStearns Peter N
_9376212
245 0 _aAbc-clio world history companion to the industiral revolution.
260 _aCalifornia
_bABC-CLIO
_c1996
300 _axi,328p
_ccm.
700 _a Hinshaw John H
_9445667
942 _hX9.3'K, N6
_cTEXL
_2CC
999 _c760570
_d760570